Nuestra Lengua

Gespeichert in:
Bibliographische Detailangaben
1. Verfasser: Murillo, Hernando
Format: Buch
Erschienen: Colombia Voluntad sf
Ausgabe:7ª ed.
Katalog:MANES:  Suchergebnis im Bibliothekskatalog
Schulbuchspezifische Eigenschaften:
Tags: Tag hinzufügen
Keine Tags, Fügen Sie den ersten Tag hinzu!
Geändert in:07.05.2025

MARC

LEADER 00000nam a22000007a 4500
005 20250507125451.0
008 Spa
040 |a Centro_Manes  |c Manuales Escolares U. Atlántico  
100 |9 22861  |a Murillo, Hernando 
245 |a Nuestra Lengua  
250 |a 7ª ed. 
260 |a Colombia   |b Voluntad   |c sf 
300 |a 296.p  |c 14x22cm  
500 |a el siguiente texto d español ofrece a los estudiantes un curso con varios temas importantes como lo son: fonética, expresión oral, semántica, expresión artística, teoría y escuelas literarias. este texto puede encontrarse en la Universidad del Atlántico.  
546 |a Colombia  
561 |5 co-CDME  |a Colombia. Universidad del Atlántico  |k MANES 
690 0 |a LEN 
691 0 |a SE 
942 |2 ddc  |c BK 
999 |c 53113  |d 53113 
999 |c manes:53113  |d 53113